Mapovanie rozloženia hustoty toku neutrónov v palivovej kazete VVER-440 transportným kódom MCNP-4C2

Salvato in:
Dettagli Bibliografici
Autore principale: Snida, Peter (Autore)
Altri autori: Farkas, Gabriel, 1977- (Relatore della tesi), Slugeň, Vladimír, 1962- (Relatore della tesi)
Natura: Manoscritto Libro
Lingua:slovacco
Pubblicazione: Bratislava : STU v Bratislave FEI, 2007
Soggetti:
Tags: Aggiungi Tag
Nessun Tag, puoi essere il primo ad aggiungerne!!

MARC

LEADER 00000ntm a22000003a 4500
001 stu154914
005 20160719165035.3
008 080114s2007------------------------slo-d
040 |a STU  |b slo 
041 0 |a slo 
100 1 |a Snida, Peter  |4 aut 
245 1 |a Mapovanie rozloženia hustoty toku neutrónov v palivovej kazete VVER-440 transportným kódom MCNP-4C2 
260 |a Bratislava :  |b STU v Bratislave FEI,  |c 2007 
300 |a 50 s 
650 7 |a Elektroenergetika  |2 stusub 
650 7 |a VVER-440  |2 stusub 
650 7 |a tok neutrónov  |2 stusub 
700 1 |a Farkas, Gabriel,  |d 1977-  |4 ths  |u E060  |U FEI Fakulta elektrotechniky a informatiky  |T FEI Ústav jadrového a fyzikálneho inžinierstva  |X 1891  |U E060  |Y 817  |7 A000001891 
700 1 |a Slugeň, Vladimír,  |d 1962-  |4 ths  |u E060  |U FEI Fakulta elektrotechniky a informatiky  |T FEI Ústav jadrového a fyzikálneho inžinierstva  |X 1909  |U E060  |Y 817  |7 A000001909